000 00567nam a2200181 i 4500
001 51310
003 ES-MaACL
005 20240524062950.0
007 t|
008 030812s1932 sp ||||1| spa d
100 0 _aChesterton, G. K.,
_d1874-1936
_938399
245 1 0 _aHerejes /
_cG.K. Chesterton ; traducción por M.J. Barroso Bonzón.
260 _aMadrid :
_bPoblet,
_c1932 (
_eBarcelona :
_fClarasó)
300 _a237 p. ;
_c19 cm.
700 0 _aBarroso-Bonzón, M. J.
_926068
852 _aES-MaACL
_jB-12845
_bR.12046
999 _c51310
_d51310